000
00305nam a2200109Ia 4500
008
200302s9999 xx 000 0 und d
100
_a
Cindy Coleman, ed.
245
_a
Interior Design Handbook of Professional Practice
260
_b
Mcgraw- hill International Book co.,
260
_c
2002
300
_a
783 P.,
999
_c
1490
_d
1490